000 00368nam a2200133Ia 4500
008 230524s9999 xx 000 0 und d
020 _a9788184491708
100 _aHans Noren
_936674
245 0 _aHow to Invest Like the World''s Greatest Investors
260 _bSura Books
500 _aQuantity Number: 1
650 _aPersonality Development
_936675
942 _cBK
999 _c50698
_d50698